<?xml version="1.0" encoding="UTF-8"?>
<record
    xmlns:xsi="http://www.w3.org/2001/XMLSchema-instance"
    xsi:schemaLocation="http://www.loc.gov/MARC21/slim http://www.loc.gov/standards/marcxml/schema/MARC21slim.xsd"
    xmlns="http://www.loc.gov/MARC21/slim">

  <leader>02185nam a2200229   4500</leader>
  <controlfield tag="003">NALT</controlfield>
  <controlfield tag="005">20250929162847.0</controlfield>
  <controlfield tag="008">250925b        th ||||| |||| 00| 0 tha d</controlfield>
  <datafield tag="040" ind1=" " ind2=" ">
    <subfield code="a">NALT</subfield>
  </datafield>
  <datafield tag="086" ind1=" " ind2=" ">
    <subfield code="a">&#xE01;&#xE29; 04 7.5 334.5 2567</subfield>
  </datafield>
  <datafield tag="110" ind1="2" ind2=" ">
    <subfield code="a">&#xE01;&#xE23;&#xE30;&#xE17;&#xE23;&#xE27;&#xE07;&#xE40;&#xE01;&#xE29;&#xE15;&#xE23;&#xE41;&#xE25;&#xE30;&#xE2A;&#xE2B;&#xE01;&#xE23;&#xE13;&#xE4C;.</subfield>
    <subfield code="b">&#xE01;&#xE23;&#xE21;&#xE15;&#xE23;&#xE27;&#xE08;&#xE1A;&#xE31;&#xE0D;&#xE0A;&#xE35;&#xE2A;&#xE2B;&#xE01;&#xE23;&#xE13;&#xE4C;</subfield>
    <subfield code="9">6366</subfield>
  </datafield>
  <datafield tag="245" ind1="1" ind2="0">
    <subfield code="a">&#xE23;&#xE32;&#xE22;&#xE07;&#xE32;&#xE19;&#xE1C;&#xE25;&#xE01;&#xE32;&#xE23;&#xE14;&#xE33;&#xE40;&#xE19;&#xE34;&#xE19;&#xE07;&#xE32;&#xE19;&#xE41;&#xE25;&#xE30;&#xE10;&#xE32;&#xE19;&#xE30;&#xE01;&#xE32;&#xE23;&#xE40;&#xE07;&#xE34;&#xE19;&#xE2A;&#xE2B;&#xE01;&#xE23;&#xE13;&#xE4C;&#xE20;&#xE32;&#xE04;&#xE01;&#xE32;&#xE23;&#xE40;&#xE01;&#xE29;&#xE15;&#xE23; &#xE1B;&#xE23;&#xE30;&#xE08;&#xE33;&#xE1B;&#xE35; 2567 /</subfield>
    <subfield code="c">&#xE01;&#xE23;&#xE21;&#xE15;&#xE23;&#xE27;&#xE08;&#xE1A;&#xE31;&#xE0D;&#xE0A;&#xE35;&#xE2A;&#xE2B;&#xE01;&#xE23;&#xE13;&#xE4C; &#xE01;&#xE23;&#xE30;&#xE17;&#xE23;&#xE27;&#xE07;&#xE40;&#xE01;&#xE29;&#xE15;&#xE23;&#xE41;&#xE25;&#xE30;&#xE2A;&#xE2B;&#xE01;&#xE23;&#xE13;&#xE4C;.</subfield>
  </datafield>
  <datafield tag="260" ind1=" " ind2=" ">
    <subfield code="a">&#xE01;&#xE23;&#xE38;&#xE07;&#xE40;&#xE17;&#xE1E;&#xE2F; : </subfield>
    <subfield code="b">&#xE01;&#xE23;&#xE21;&#xE15;&#xE23;&#xE27;&#xE08;&#xE1A;&#xE31;&#xE0D;&#xE0A;&#xE35;&#xE2A;&#xE2B;&#xE01;&#xE23;&#xE13;&#xE4C; &#xE01;&#xE23;&#xE30;&#xE17;&#xE23;&#xE27;&#xE07;&#xE40;&#xE01;&#xE29;&#xE15;&#xE23;&#xE41;&#xE25;&#xE30;&#xE2A;&#xE2B;&#xE01;&#xE23;&#xE13;&#xE4C;,</subfield>
    <subfield code="c">2568.</subfield>
  </datafield>
  <datafield tag="300" ind1=" " ind2=" ">
    <subfield code="a">256 &#xE2B;&#xE19;&#xE49;&#xE32; : </subfield>
    <subfield code="b">&#xE20;&#xE32;&#xE1E;&#xE1B;&#xE23;&#xE30;&#xE01;&#xE2D;&#xE1A;, &#xE15;&#xE32;&#xE23;&#xE32;&#xE07;, &#xE41;&#xE1C;&#xE19;&#xE20;&#xE39;&#xE21;&#xE34; ; </subfield>
    <subfield code="c">26 &#xE0B;&#xE21;.</subfield>
  </datafield>
  <datafield tag="505" ind1=" " ind2=" ">
    <subfield code="a">&#xE1A;&#xE17;&#xE19;&#xE33; --
1. &#xE2B;&#xE25;&#xE31;&#xE01;&#xE01;&#xE32;&#xE23;&#xE41;&#xE25;&#xE30;&#xE40;&#xE2B;&#xE15;&#xE38;&#xE1C;&#xE25; --
2. &#xE27;&#xE31;&#xE15;&#xE16;&#xE38;&#xE1B;&#xE23;&#xE30;&#xE2A;&#xE07;&#xE04;&#xE4C; --
3. &#xE02;&#xE2D;&#xE1A;&#xE40;&#xE02;&#xE15;&#xE02;&#xE2D;&#xE07;&#xE23;&#xE32;&#xE22;&#xE07;&#xE32;&#xE19; --
4. &#xE1B;&#xE23;&#xE30;&#xE42;&#xE22;&#xE0A;&#xE19;&#xE4C;&#xE17;&#xE35;&#xE48;&#xE04;&#xE32;&#xE14;&#xE27;&#xE48;&#xE32;&#xE08;&#xE30;&#xE44;&#xE14;&#xE49;&#xE23;&#xE31;&#xE1A; --
5. &#xE19;&#xE34;&#xE22;&#xE32;&#xE21;&#xE28;&#xE31;&#xE1E;&#xE17;&#xE4C; --
&#xE27;&#xE34;&#xE18;&#xE35;&#xE14;&#xE33;&#xE40;&#xE19;&#xE34;&#xE19;&#xE01;&#xE32;&#xE23; --
1. &#xE01;&#xE32;&#xE23;&#xE40;&#xE01;&#xE47;&#xE1A;&#xE23;&#xE27;&#xE1A;&#xE23;&#xE27;&#xE21;&#xE02;&#xE49;&#xE2D;&#xE21;&#xE39;&#xE25; --
2. &#xE01;&#xE32;&#xE23;&#xE27;&#xE34;&#xE40;&#xE04;&#xE23;&#xE32;&#xE30;&#xE2B;&#xE4C;&#xE02;&#xE49;&#xE2D;&#xE21;&#xE39;&#xE25; --
&#xE1C;&#xE25;&#xE01;&#xE32;&#xE23;&#xE27;&#xE34;&#xE40;&#xE04;&#xE23;&#xE32;&#xE30;&#xE2B;&#xE4C;&#xE02;&#xE49;&#xE2D;&#xE21;&#xE39;&#xE25;&#xE17;&#xE32;&#xE07;&#xE01;&#xE32;&#xE23;&#xE40;&#xE07;&#xE34;&#xE19;&#xE2A;&#xE2B;&#xE01;&#xE23;&#xE13;&#xE4C;&#xE20;&#xE32;&#xE04;&#xE01;&#xE32;&#xE23;&#xE40;&#xE01;&#xE29;&#xE15;&#xE23; (&#xE40;&#xE01;&#xE29;&#xE15;&#xE23; &#xE1B;&#xE23;&#xE30;&#xE21;&#xE07; &#xE19;&#xE34;&#xE04;&#xE21;) --
&#xE2A;&#xE2B;&#xE01;&#xE23;&#xE13;&#xE4C;&#xE01;&#xE32;&#xE23;&#xE40;&#xE01;&#xE29;&#xE15;&#xE23; --
&#xE2A;&#xE2B;&#xE01;&#xE23;&#xE13;&#xE4C;&#xE19;&#xE34;&#xE04;&#xE21; --
&#xE2A;&#xE2B;&#xE01;&#xE23;&#xE13;&#xE4C;&#xE1B;&#xE23;&#xE30;&#xE21;&#xE07; --
&#xE0A;&#xE38;&#xE21;&#xE19;&#xE38;&#xE21;&#xE2A;&#xE2B;&#xE01;&#xE23;&#xE13;&#xE4C; --
&#xE01;&#xE25;&#xE38;&#xE48;&#xE21;&#xE40;&#xE01;&#xE29;&#xE15;&#xE23;&#xE01;&#xE23;.</subfield>
  </datafield>
  <datafield tag="610" ind1="2" ind2="4">
    <subfield code="a">&#xE2A;&#xE2B;&#xE01;&#xE23;&#xE13;&#xE4C;&#xE20;&#xE32;&#xE04;&#xE01;&#xE32;&#xE23;&#xE40;&#xE01;&#xE29;&#xE15;&#xE23;</subfield>
    <subfield code="x">&#xE1C;&#xE25;&#xE07;&#xE32;&#xE19; </subfield>
    <subfield code="y">2567</subfield>
    <subfield code="9">66646</subfield>
  </datafield>
  <datafield tag="942" ind1=" " ind2=" ">
    <subfield code="2">local</subfield>
    <subfield code="c">GOV</subfield>
  </datafield>
  <datafield tag="996" ind1=" " ind2=" ">
    <subfield code="a">jidapa.t</subfield>
    <subfield code="b">ACQSTF</subfield>
    <subfield code="c">2025-09-25</subfield>
  </datafield>
  <datafield tag="996" ind1=" " ind2=" ">
    <subfield code="a">varee.k</subfield>
    <subfield code="b">LIBSTF</subfield>
    <subfield code="c">2025-09-26</subfield>
  </datafield>
  <datafield tag="996" ind1=" " ind2=" ">
    <subfield code="a">jamriang.p</subfield>
    <subfield code="b">CATSTF	</subfield>
    <subfield code="c">2025-09-29</subfield>
  </datafield>
  <datafield tag="999" ind1=" " ind2=" ">
    <subfield code="c">107284</subfield>
    <subfield code="d">107284</subfield>
  </datafield>
  <datafield tag="998" ind1=" " ind2=" ">
    <subfield code="j">1020</subfield>
    <subfield code="k"> &#xE19;&#xE32;&#xE07;&#xE08;&#xE33;&#xE40;&#xE23;&#xE35;&#xE22;&#xE07;  &#xE23;&#xE30;&#xE27;&#xE31;&#xE07;&#xE2A;&#xE33;&#xE42;&#xE23;&#xE07;</subfield>
  </datafield>
  <datafield tag="952" ind1=" " ind2=" ">
    <subfield code="0">0</subfield>
    <subfield code="1">0</subfield>
    <subfield code="2">local</subfield>
    <subfield code="4">0</subfield>
    <subfield code="7">0</subfield>
    <subfield code="8">CGOV</subfield>
    <subfield code="a">NALT</subfield>
    <subfield code="b">NALT</subfield>
    <subfield code="c">GOV</subfield>
    <subfield code="d">2025-09-25</subfield>
    <subfield code="e">&#xE2B;&#xE19;&#xE48;&#xE27;&#xE22;&#xE07;&#xE32;&#xE19;&#xE20;&#xE32;&#xE04;&#xE23;&#xE31;&#xE10;</subfield>
    <subfield code="l">0</subfield>
    <subfield code="o">&#xE01;&#xE29; 04 7.5 334.5 2567</subfield>
    <subfield code="p">3961215741</subfield>
    <subfield code="r">2025-09-25 00:00:00</subfield>
    <subfield code="w">2025-09-25</subfield>
    <subfield code="y">GOV</subfield>
  </datafield>
</record>
